Il canto delle farfalle

محفوظ في:
التفاصيل البيبلوغرافية
المؤلف الرئيسي: Marcati, Viviana
التنسيق: كتاب
اللغة:لغة غير معروفة
منشور في: Editrice La Scuola
الوسوم: إضافة وسم
لا توجد وسوم, كن أول من يضع وسما على هذه التسجيلة!

MARC

LEADER 00000nam a2200000Ia 4500
001 R-1292
003 CODICE-MESSINA
005 20260218005558.0
008 260211s9999 xx 000 0 und d
040 |c importazione_messina 
100 |a Marcati, Viviana 
245 0 |a Il canto delle farfalle 
260 |b Editrice La Scuola 
942 |2 ddc  |c BK 
952 |0 0  |1 0  |2 ddc  |4 0  |6 SCAFFALE_12_000000000000000__ROMANZI  |7 0  |9 32125  |a ME  |b ME  |d 2026-02-11  |l 0  |o SCAFFALE 12 - ROMANZI  |p R-1292  |r 2026-02-11 23:52:59  |w 2026-02-11  |x [REVISIONARE]  |y BK 
999 |c 27792  |d 27792